The chronicles of Narnia. (Record no. 57451)
[ view plain ]
| 000 -LEADER | |
|---|---|
| fixed length control field | 04079cgm a2200745Ka 4500 |
| 001 - CONTROL NUMBER | |
| control field | ocn244206636 |
| 003 - CONTROL NUMBER IDENTIFIER | |
| control field | OCoLC |
| 005 - DATE AND TIME OF LATEST TRANSACTION | |
| control field | 20241220122542.0 |
| 008 - FIXED-LENGTH DATA ELEMENTS--GENERAL INFORMATION | |
| fixed length control field | 080820s2008 cau149 vleng d |
| 007 - PHYSICAL DESCRIPTION FIXED FIELD--GENERAL INFORMATION | |
| fixed length control field | vd cvaizq |
| 040 ## - CATALOGING SOURCE | |
| Original cataloging agency | TEFMT |
| Transcribing agency | TEFMT |
| Modifying agency | TEF |
| -- | UINTA |
| 020 ## - INTERNATIONAL STANDARD BOOK NUMBER | |
| International Standard Book Number | 0788890964 |
| 020 ## - INTERNATIONAL STANDARD BOOK NUMBER | |
| International Standard Book Number | 9780788890963 |
| 024 1# - OTHER STANDARD IDENTIFIER | |
| Standard number or code | 786936772340 |
| 028 42 - PUBLISHER NUMBER | |
| Publisher number | 058152 |
| Source | Walt Disney Home Entertainment |
| 029 1# - (OCLC) | |
| OCLC library identifier | NZ1 |
| System control number | 12564690 |
| 035 ## - SYSTEM CONTROL NUMBER | |
| System control number | (OCoLC)244206636 |
| 037 ## - SOURCE OF ACQUISITION | |
| Source of stock number/acquisition | Midwest Tape |
| Note | http://www.midwesttapes.com |
| 041 1# - LANGUAGE CODE | |
| Language code of text/sound track or separate title | eng |
| -- | fre |
| -- | spa |
| Language code of summary or abstract/overprinted title or subtitle | eng |
| -- | fre |
| -- | spa |
| Language code of original and/or intermediate translations of text | eng |
| 050 14 - LIBRARY OF CONGRESS CALL NUMBER | |
| Classification number | PN1995.9.F36 |
| Item number | C476653547 2008 |
| 082 04 - DEWEY DECIMAL CLASSIFICATION NUMBER | |
| Classification number | 791.43/72 |
| Edition number | 22 |
| 049 ## - LOCAL HOLDINGS (OCLC) | |
| Holding library | UCLB |
| 092 ## - LOCALLY ASSIGNED DEWEY CALL NUMBER (OCLC) | |
| Classification number | 791.437 |
| 245 04 - TITLE STATEMENT | |
| Title | The chronicles of Narnia. |
| Name of part/section of a work | Prince Caspian |
| Medium | [videorecording] / |
| Statement of responsibility, etc | Walt Disney Pictures and Walden Media present an Andrew Adamson film ; a Mark Johnson/Silverbell Films production ; produced by Mark Johnson, Andrew Adamson, Philip Steuer ; screenplay by Andrew Adamson & Christopher Markus & Stephen McFeely ; directed by Andrew Adamson. |
| 246 30 - VARYING FORM OF TITLE | |
| Title proper/short title | Prince Caspian |
| 250 ## - EDITION STATEMENT | |
| Edition statement | 3-disc collector's ed. |
| 260 ## - PUBLICATION, DISTRIBUTION, ETC. (IMPRINT) | |
| Place of publication, distribution, etc | Burbank, CA : |
| Name of publisher, distributor, etc | Walt Disney Home Entertainment, |
| Date of publication, distribution, etc | c2008. |
| 300 ## - PHYSICAL DESCRIPTION | |
| Extent | 3 videodiscs (149 min.) : |
| Other physical details | sd., col. ; |
| Dimensions | 4 3/4 in. |
| 538 ## - SYSTEM DETAILS NOTE | |
| System details note | DVD, widescreen; Dolby Digital 5.1 surround. |
| 546 ## - LANGUAGE NOTE | |
| Language note | English, dubbed French or dubbed Spanish dialogue, French or Spanish subtitles; English subtitles for the deaf and hard of hearing. |
| 500 ## - GENERAL NOTE | |
| General note | Title from container. |
| 511 1# - PARTICIPANT OR PERFORMER NOTE | |
| Participant or performer note | Georgie Henley, Skandar Keynes, William Moseley, Anna Popplewell, Ben Barnes. |
| 508 ## - CREATION/PRODUCTION CREDITS NOTE | |
| Creation/production credits note | Director of photography, Karl Walter Lindenlaub ; editors, Josh Campbell, Sim Evan-Jones ; music, Harry Gregson-Williams ; costume designer, Isis Mussenden ; production designer, Roger Ford. |
| 500 ## - GENERAL NOTE | |
| General note | Based on the book by C.S. Lewis. |
| 521 8# - TARGET AUDIENCE NOTE | |
| Target audience note | MPAA rating: PG; for epic battle action and violence. |
| 520 ## - SUMMARY, ETC. | |
| Summary, etc | The four Pevensie children - Peter, Susan, Edmund and Lucy - return to Narnia, only to discover that hundreds of years have passed since they ruled there. Now, crowning himself king, the evil General Miraz has taken charge. The children enlist the help of a heroic mouse called Reepicheep. They set out find the exiled Prince Caspian, determined to see him rightfully named king. |
| 500 ## - GENERAL NOTE | |
| General note | Special featues: Disc 1: Audio commentary with director Andrew Adamson and actors. Disc 2: Bloopers; deleted scenes; "Inside Narnia: the adventure returns" featurette; "Sets of Narnia: a classic comes to life" featurette; "Big movie comes to a little town" featurette; "Previsualizing Narnia" featurette; "Talking animals and walking trees: the magical world of Narnia" featurette; "Secrets of the duel" featurette; "Becoming Trumpkin" featurette; "Warwick Davis: the man behind Nikabrik" featurette. Disc 3: DisneyFile digital copy. |
| 650 #0 - SUBJECT ADDED ENTRY--TOPICAL TERM | |
| Topical term or geographic name as entry element | Narnia (Imaginary place) |
| Form subdivision | Drama. |
| 9 (RLIN) | 5798592 |
| 650 #0 - SUBJECT ADDED ENTRY--TOPICAL TERM | |
| Topical term or geographic name as entry element | Brothers and sisters |
| Form subdivision | Drama. |
| 9 (RLIN) | 5723456 |
| 650 #0 - SUBJECT ADDED ENTRY--TOPICAL TERM | |
| Topical term or geographic name as entry element | Princes |
| Form subdivision | Drama. |
| 9 (RLIN) | 5698098 |
| 650 #7 - SUBJECT ADDED ENTRY--TOPICAL TERM | |
| Topical term or geographic name as entry element | Hermanos |
| Form subdivision | Teatro. |
| Source of heading or term | bidex |
| 9 (RLIN) | 5747011 |
| 650 #7 - SUBJECT ADDED ENTRY--TOPICAL TERM | |
| Topical term or geographic name as entry element | Príncipes |
| Form subdivision | Teatro. |
| Source of heading or term | bidex |
| 9 (RLIN) | 6509369 |
| 655 #0 - INDEX TERM--GENRE/FORM | |
| Genre/form data or focus term | Fantasy films. |
| 9 (RLIN) | 6187292 |
| 655 #0 - INDEX TERM--GENRE/FORM | |
| Genre/form data or focus term | Action and adventure films. |
| 9 (RLIN) | 5674017 |
| 655 #0 - INDEX TERM--GENRE/FORM | |
| Genre/form data or focus term | Video recordings for the hearing impaired. |
| 9 (RLIN) | 6187293 |
| 655 #0 - INDEX TERM--GENRE/FORM | |
| Genre/form data or focus term | Feature films. |
| 9 (RLIN) | 6187294 |
| 700 1# - ADDED ENTRY--PERSONAL NAME | |
| Personal name | Johnson, Mark. |
| 9 (RLIN) | 36810 |
| 700 1# - ADDED ENTRY--PERSONAL NAME | |
| Personal name | Adamson, Andrew. |
| 9 (RLIN) | 67169 |
| 700 1# - ADDED ENTRY--PERSONAL NAME | |
| Personal name | Steuer, Philip. |
| 9 (RLIN) | 6187295 |
| 700 1# - ADDED ENTRY--PERSONAL NAME | |
| Personal name | Markus, Christopher. |
| 9 (RLIN) | 72861 |
| 700 1# - ADDED ENTRY--PERSONAL NAME | |
| Personal name | McFeely, Stephen. |
| 9 (RLIN) | 72862 |
| 700 1# - ADDED ENTRY--PERSONAL NAME | |
| Personal name | Henley, Georgie. |
| 9 (RLIN) | 72803 |
| 700 1# - ADDED ENTRY--PERSONAL NAME | |
| Personal name | Keynes, Skandar. |
| 9 (RLIN) | 72804 |
| 700 1# - ADDED ENTRY--PERSONAL NAME | |
| Personal name | Moseley, William, |
| Dates associated with a name | 1987- |
| 9 (RLIN) | 72805 |
| 700 1# - ADDED ENTRY--PERSONAL NAME | |
| Personal name | Popplewell, Anna, |
| Dates associated with a name | 1988- |
| 9 (RLIN) | 72863 |
| 700 1# - ADDED ENTRY--PERSONAL NAME | |
| Personal name | Barnes, Ben. |
| 9 (RLIN) | 5960913 |
| 700 1# - ADDED ENTRY--PERSONAL NAME | |
| Personal name | Lewis, C. S. |
| Fuller form of name | (Clive Staples), |
| Dates associated with a name | 1898-1963. |
| Title of a work | Chronicles of Narnia. |
| 9 (RLIN) | 5766314 |
| 710 2# - ADDED ENTRY--CORPORATE NAME | |
| Corporate name or jurisdiction name as entry element | Walt Disney Pictures. |
| 9 (RLIN) | 22141 |
| 710 2# - ADDED ENTRY--CORPORATE NAME | |
| Corporate name or jurisdiction name as entry element | Walden Media. |
| 9 (RLIN) | 69623 |
| 710 2# - ADDED ENTRY--CORPORATE NAME | |
| Corporate name or jurisdiction name as entry element | Silverbell Films (Firm) |
| 9 (RLIN) | 6187296 |
| 710 2# - ADDED ENTRY--CORPORATE NAME | |
| Corporate name or jurisdiction name as entry element | Walt Disney Home Entertainment (Firm) |
| 9 (RLIN) | 70855 |
| 942 ## - ADDED ENTRY ELEMENTS (KOHA) | |
| Koha item type | DVD |
| 994 ## - | |
| -- | C0 |
| -- | UINTA |
| 998 ## - LOCAL CONTROL INFORMATION (RLIN) | |
| -- | a119621 |
| Withdrawn status | Lost status | Source of classification or shelving scheme | Damaged status | Not for loan | Collection code | Home library | Current library | Shelving location | Date acquired | Source of acquisition | Cost, normal purchase price | Total Checkouts | Total Renewals | Full call number | Barcode | Date last seen | Date checked out | Cost, replacement price | Price effective from | Koha item type |
|---|---|---|---|---|---|---|---|---|---|---|---|---|---|---|---|---|---|---|---|---|
| Dewey Decimal Classification | Movies | Wasatch County Library | Wasatch County Library | Audio Visual Area | 08/29/2012 | Amazon | 15.95 | 176 | 43 | DVD Chr | 34301001116963 | 01/17/2026 | 12/27/2025 | 15.95 | 03/20/2020 | DVD |
